Most Populated U.S. Cities by Letter - G - Statistics

General Stats
  • This quiz has been taken 102 times
  • The average score is 10 of 20
Answer Stats
Population State Answer % Correct
299,000 North Carolina Greensboro
90%
199,000 Michigan Grand Rapids
79%
248,000 Arizona Glendale
73%
197,000 California Glendale
73%
107,000 Wisconsin Green Bay
71%
246,000 Texas Garland
67%
88,000 North Carolina Greenville
67%
71,000 South Carolina Greenville
67%
268,000 Arizona Gilbert
56%
141,000 Florida Gainesville
51%
73,000 Mississippi Gulfport
41%
109,000 Colorado Greeley
38%
196,000 Texas Grand Prairie
37%
172,000 California Garden Grove
33%
70,000 Maryland Gaithersburg
32%
95,000 Arizona Goodyear
32%
114,000 Oregon Gresham
30%
80,000 North Carolina Gastonia
25%
91,000 Maryland Germantown
16%
73,000 Maryland Glen Burnie
16%
No matching quizzes found
Score Distribution
Percent of People with Each Score
Percentile by Number Answered
Your Score History
You have not taken this quiz